Представление документа в формате RUSMARC

ПолеНазваниеЗначение
  Тип записи c
  Библиографический уровень m
001 Контрольный номер RU/УОНБ/EK_N/514385862
005 Дата корректировки 20250813143301.1
010 Индекс ISBN __
9 Тираж 900 экз.
013 Номер (ISMN) __
d Цена 80 к.
071 Издательские номер (звукозапись и ноты) 21
a Номер, присвоенный агентством 3407
100 Данные общей обработки __
a Данные общей обработки 20160419d1988 u y0rusy0189||||ba
101 Язык документа 0_
a Язык текста rus
f Язык титульного листа rus
f Язык титульного листа eng
102 Страна публикации __
a Страна публикации RU
105 Кодированные данные (монография) __
a Кодированные данные (монография) y###||||000|y
125 Кодированные данные звукозаписи и нотных изданий __
a Форма изложения нотного текста с|
128 Кодированные данные (звукозаписи-физические характеристики) __
a Кодированные данные: Музыкальная форма и тональность или лад st
b Инструменты или голоса, необходимые для ансамблей (устаревшее) ka||
200 Заглавие и сведения об ответственности 1_
a Заглавие Десять этюдов
d Параллельное заглавие Ten Studies
e Сведения, относящиеся к заглавию для фп.
e Сведения, относящиеся к заглавию for Piano
f Первые сведения об ответственности П. Дамбис
z Язык параллельного заглавия eng
210 Выходные данные 1_
a Место издания Ленинград
c Издательство Музыка
d Дата издания 1988
215 Физическое описание __
a Объем 59 с. включ. обл.
d Формат 29 см
300 Общие примечания __
a Общие примечания Тит. л. на рус. и англ. яз.
300 Общие примечания __
a Общие примечания [Посвящ.] Артуру Озолиню
512 Заглавие обложки 1_
a Заглавие обложки Десять этюдов
517 Другие варианты заглавия 1_
a Другие варианты заглавия Ten Studies
606 Тематические рубрики 0_
a Основная рубрика Фортепианная музыка советская
x Основная подрубрика Этюды
610 Ключевые слова 0_
a Ключевые слова фортепианная музыка советских композиторов
610 Ключевые слова 0_
a Ключевые слова этюды
686 Индексы других классификаций __
a Классификационный индекс 85.954.2я44
2 Код системы rubbk
700 Автор _1
a Фамилия Дамбис
b Имя (инициалы) П. Е.
g Полное личное имя Паулс Екабович
801 Источник записи _0
a Страна RU
b Организация Ульяновская ОНБ
c Дата составления 20160419
g Правила каталогизации RCR
801 Источник записи _1
a Страна RU
b Организация Ульяновская ОНБ
c Дата составления 20160419
g Правила каталогизации RCR
901 Тип документа __
t Тип документа m
909 Создатель записи __
a Создатель записи Грязнова И. Е.
910 Корректоры записи __
a Корректор записи Васина
938 Служебная информация __
a Имя БД noti
b Имя библиотеки УОНБ
c Имя АИБС МАРК-SQL
d Номер DOC_ID в БД 14558